00734nam a2200181Ka 45000010008000000030004000080050017000120080041000290200015000700400013000852450204000982600053003023000028003554900028003835040051004116500045004627000045005072834752csc20200421093819.0991022t19991993enk b 001 0 eng d a0192836781 acscccsc00aGreek lyric poetry :bthe poems and fragments of the Greek iambic, elegiac, and melic poets (excluding Pindar and Bacchylides) down to 450 B.C. /ctranslated with introduction and notes by M.L. West. aOxford :bOxford University Press,c1999, c1993. axxiii, 212 p. ;c20 cm.0 aOxford World's classics aIncludes bibliographical references and index. 0aGreek poetryxTranslations into English.1 aWest, M. L.q(Martin Litchfield),d1937-